000
00350nam a2200145 a 4500
005
20140412111257.0
008
100121s19uu xx 00 eng d
020
_a
0-439-89610-x
050
_a
TR(PS E
_b
B26 2007
245
_a
Let's go look and see.
260
_a
New York :
_b
Lyons,
_c
2007.
300
_a
unp.
440
_a
Barney
999
_c
103249
_d
103249